Les villes les plus peuplées du monde finissant par la lettre E - Statistiques

Statistiques générales
  • Ce quiz a été pris 43 fois
  • Le résultat moyen est 7 sur 20
Statistiques - réponses
Classement Continent Population Ville % Correct
6 Afrique 22 623 900 Le Caire
89%
101 Europe 4 331 970 Rome
76%
18 Asie 14 942 000 Manille
62%
170 Europe 3 014 610 Lisbonne
59%
70 Europe 5 711 920 Barcelone
57%
81 Océanie 5 315 600 Melbourne
57%
22 Asie 14 008 300 Bangalore
41%
21 Asie 14 407 100 Lahore
41%
73 Afrique 5 696 130 Alexandrie
35%
107 Amérique du Sud 4 239 870 Porto Alegre
30%
103 Amérique du Sud 4 305 130 Recife
30%
63 Amérique du Sud 6 300 410 Belo Horizonte
22%
39 Asie 9 567 660 Hô Chi Minh-Ville
16%
93 Afrique 4 681 770 Yaoundé
16%
56 Asie 7 345 850 Pune
14%
164 Amérique centrale 3 060 170 Port-au-Prince
11%
47 Asie 8 330 530 Surate
5%
145 Asie 3 393 380 Indore
3%
162 Asie 3 083 720 Coimbatore
0%
106 Asie 4 243 960 Kozhikode
0%
Aucun quiz correspondant
Distribution des résultats
% des personnes avec chaque résultat
Percentile par nombre de réponses
Votre historique - résultats
Vous n’avez pas pris ce quiz